Insurance in India : (Record no. 180915)

MARC details
000 -LEADER
fixed length control field 00842nam a2200253Ia 4500
003 - CONTROL NUMBER IDENTIFIER
control field OSt
005 - DATE AND TIME OF LATEST TRANSACTION
control field 20260202155401.0
008 - FIXED-LENGTH DATA ELEMENTS--GENERAL INFORMATION
fixed length control field 210716s2003 xx 000 0 und d
020 ## - INTERNATIONAL STANDARD BOOK NUMBER
International Standard Book Number 97881478292687
040 ## - CATALOGING SOURCE
Transcribing agency AIMIT LIBRARY
041 ## - LANGUAGE CODE
Language code of text/sound track or separate title eng
082 ## - DEWEY DECIMAL CLASSIFICATION NUMBER
Classification number 368.00954
Edition number 1
Item number PALP
100 ## - MAIN ENTRY--PERSONAL NAME
Personal name Palande, P S.
9 (RLIN) 253577
245 ## - TITLE STATEMENT
Title Insurance in India :
Remainder of title changing policies and emerging opportunities /
Statement of responsibility, etc. By P S Palande, R S Shah and M L Lunawat.
250 ## - EDITION STATEMENT
Edition statement 1st ed.
260 ## - PUBLICATION, DISTRIBUTION, ETC.
Place of publication, distribution, etc. New Delhi :
Name of publisher, distributor, etc. Response Books ,
Date of publication, distribution, etc. 2003.
300 ## - PHYSICAL DESCRIPTION
Extent 492p. ;
Other physical details PB
Dimensions 21.8 cm
650 ## - SUBJECT ADDED ENTRY--TOPICAL TERM
Topical term or geographic name entry element The debate about opening up
9 (RLIN) 253578
650 ## - SUBJECT ADDED ENTRY--TOPICAL TERM
Topical term or geographic name entry element Proactive and focused strategies of the industry
9 (RLIN) 253579
650 ## - SUBJECT ADDED ENTRY--TOPICAL TERM
Topical term or geographic name entry element The emerging scenario
9 (RLIN) 253580
700 ## - ADDED ENTRY--PERSONAL NAME
Personal name Shah, R S.
9 (RLIN) 253581
700 ## - ADDED ENTRY--PERSONAL NAME
Personal name Lunawat, M L.
9 (RLIN) 253582
942 ## - ADDED ENTRY ELEMENTS (KOHA)
Source of classification or shelving scheme Dewey Decimal Classification
Koha item type Book
Edition 1st
Call number prefix 368.00954 PALP
Holdings
Withdrawn status Lost status Damaged status Not for loan Collection code Home library Current library Date acquired Source of acquisition Total Checkouts Full call number Barcode Date last seen Price effective from Koha item type
        MCA St Aloysius Institute of Management & Information Technology St Aloysius Institute of Management & Information Technology 07/16/2021 Donated   368.00954 PALP MCA00423 05/23/2026 07/16/2021 Book